Vernetzte und komplexe Informatik-Systeme Industrieprogramm zur 18. Jahrestagung der Gesellschaft für Informatik. Hamburg, 18./19. Oktober 1988
Gespeichert in:
| Weitere Verfasser: | |
|---|---|
| Format: | Buch |
| Sprache: | Deutsch |
| Veröffentlicht: |
Berlin
Springer
1988
|
| Ausgabe: | 1. Aufl. |
| Tags: |
Keine Tags, Fügen Sie das erste Tag hinzu!
|
MARC
| LEADER | 00000nam a2200000 4500 | ||
|---|---|---|---|
| 001 | c032413 | ||
| 005 | 20221219111402.9 | ||
| 041 | 0 | |a ger | |
| 044 | |a DE | ||
| 245 | 1 | 0 | |a Vernetzte und komplexe Informatik-Systeme |b Industrieprogramm zur 18. Jahrestagung der Gesellschaft für Informatik. Hamburg, 18./19. Oktober 1988 |c Red. Bernd E. Wolfinger |
| 250 | |a 1. Aufl. | ||
| 264 | 1 | |a Berlin |b Springer |c 1988 | |
| 300 | |a 229 s. | ||
| 700 | 1 | |a Wolfinger, Bernd E. | |